Biological control of plant parasitic nematodes infected cucumber plants under shield plantation conditions (Record no. 49752)
[ view plain ]
| 000 -LEADER | |
|---|---|
| fixed length control field | 03162cab a2200325Ia 45 0 |
| 001 - CONTROL NUMBER | |
| control field | u196693 |
| 003 - CONTROL NUMBER IDENTIFIER | |
| control field | SIRSI |
| 008 - FIXED-LENGTH DATA ELEMENTS--GENERAL INFORMATION | |
| fixed length control field | 110824s2011 ua ss b eng d |
| 040 ## - CATALOGING SOURCE | |
| Original cataloging agency | EAL |
| 041 ## - LANGUAGE CODE | |
| Language code of text/sound track or separate title | eng |
| Language code of summary or abstract | ara |
| 090 ## - LOCALLY ASSIGNED LC-TYPE CALL NUMBER (OCLC); LOCAL CALL NUMBER (RLIN) | |
| Classification number (OCLC) (R) ; Classification number, CALL (RLIN) (NR) | ART MJAR V36 No4 16 |
| 100 1# - MAIN ENTRY--PERSONAL NAME | |
| Personal name | Sweelam, M. E. |
| 240 10 - UNIFORM TITLE | |
| Uniform title | Minufiya journal of agricultural research, 2011 v. 36 (4) |
| Medium | [electronic resource]. |
| 245 10 - TITLE STATEMENT | |
| Title | Biological control of plant parasitic nematodes infected cucumber plants under shield plantation conditions |
| Medium | [electronic resource]. |
| 246 15 - VARYING FORM OF TITLE | |
| Title proper/short title | المكافحة البيولوجية للنيماتودا المتطفلة التي تصيب نباتات الخيار تحت ظروف الزراعات المحمية. |
| 300 ## - PHYSICAL DESCRIPTION | |
| Extent | p.1063-1075. |
| 504 ## - BIBLIOGRAPHY, ETC. NOTE | |
| Bibliography, etc. note | Includes references. |
| 520 ## - SUMMARY, ETC. | |
| Summary, etc. | The main purpose of the experiments was to study the abundance of nematode genera In the soil of the commercial plastic houses cultivated with cucumber crop, under controlled conditions and to study the effect of 17 bioagents in the control of plant parasitic nematodes infecting cucumber plants variety (Medina) under plastic house conditions. Results indicated that the highest grand mean reduction percentages of nematodes were recorded with the treatments of Carbufuran (93.3 % ); followed by powder of fish bones (92.1 % ); and Poultry manure (91.0 % ) without significant differences, while the treatments of Compost, 1 part farmyard manure + 2 part poultry manure;Potassium; Saccharomyces; and Streptomyces gave moderate reduction percentages without significant differences, as (85.4 % ), (82.5 % ), (80.3 %), (80.3 %), (80.1 % ), respectively. The lowest grand mean reduction percentages of nematodes were recorded with the treatments of Sulfur, Bacillus thuringiensis , (Zn, Mn, Fe) , Demssisa, Neem, resulting (44.6 %), (51.4 %), (51.4 %), (54.4 %), (54.5%), respectively. The highest weights in the cucumber fruit crops were recorded with the treatments of Farmyard manure (130.7 % ) (17.3 kg) , followed by the treatment of Poultry manure giving (113.3 % ) (16.0 kg), Compost (105.3 %) (15.4 kg), powder offish bones (100.0 %) (15.0 kg), while the least weights in the cucumber fruit crops were recorded with the treatments of Saccharomyces (32.5 % ) (9.9 kg) , followed by the treatment of Zn, Fe, Mn giving (58.7 %) (11.9 kg), Potassium, (69.3 %) (12.7 kg), Sulfur (970.7%)(12.8kg) steptomyces(72.0%) 12.9kg and finally beauveria bassiana (78.7 % ), ( 13.4 kg / 10 plants), In comparison with the control which harvested only (7.5 kg ). Key words: Biological control, bloagents, cucumber, organic manures, parasitic nematodes, solarization. |
| 546 ## - LANGUAGE NOTE | |
| Language note | Summary in Arabic. |
| 596 ## - | |
| -- | 1 |
| 650 #0 - SUBJECT ADDED ENTRY--TOPICAL TERM | |
| Topical term or geographic name entry element | Cucumbers |
| General subdivision | Diseases and pests. |
| 650 #0 - SUBJECT ADDED ENTRY--TOPICAL TERM | |
| Topical term or geographic name entry element | Cucumbers |
| General subdivision | Diseases and pests |
| -- | Biological control. |
| 650 #0 - SUBJECT ADDED ENTRY--TOPICAL TERM | |
| Topical term or geographic name entry element | Plant nematodes. |
| 650 #0 - SUBJECT ADDED ENTRY--TOPICAL TERM | |
| Topical term or geographic name entry element | Host-parasite relationships. |
| 700 1# - ADDED ENTRY--PERSONAL NAME | |
| Personal name | Abo-Taka, Safaa M. |
| 700 1# - ADDED ENTRY--PERSONAL NAME | |
| Personal name | Zohdy, G. I. |
| 700 1# - ADDED ENTRY--PERSONAL NAME | |
| Personal name | Abo-Korah, M. S. |
| 773 0# - HOST ITEM ENTRY | |
| Title | Minufiya Journal of Agricultural Research. |
| Related parts | 2011. v.36(4) |
| International Standard Serial Number | 1110-0265 |
| Control subfield | nnas |
| Record control number | u158151 |
| 856 40 - ELECTRONIC LOCATION AND ACCESS | |
| Uniform Resource Identifier | <a href="http://nile.enal.sci.eg/EALE/2011/MJAR/3611/4/1063.pdf">http://nile.enal.sci.eg/EALE/2011/MJAR/3611/4/1063.pdf</a> |
| Public note | Full Text Article |
| 942 ## - ADDED ENTRY ELEMENTS (KOHA) | |
| Koha item type | Articles |
| Source of classification or shelving scheme | Library of Congress Classification |
No items available.